| 000 | 00753nam a2200229 4500 | ||
|---|---|---|---|
| 003 | OSt | ||
| 005 | 20240730052039.0 | ||
| 006 | a | ||
| 008 | 240730b |||||||| |||| 00| 0 eng d | ||
| 020 | _a9781111220594 | ||
| 040 |
_aDWCL-Main lib. _cOC |
||
| 082 |
_2PBT edition _aCirc. 428 R724c 2011 |
||
| 100 | _aRogers, Bruce | ||
| 245 | _aThe complete guide to the TOEFL test / | ||
| 250 | _aPBT edition | ||
| 260 |
_aBoston : _bHeinle/Cengage Learning, _cc2011. |
||
| 300 |
_axxv, _b509 p. ; _c28 cm. |
||
| 650 | _a1. English language-Textbooks for Foreign speakers. | ||
| 650 | _a2. Test of English as a Foreign Language-Study guides. | ||
| 650 | _a3. English language-Examinations-Study guides. | ||
| 942 |
_2ddc _n0 _cBK-CIRC _ePBT edition _kCirc. |
||
| 999 |
_c2955 _d2955 |
||